[Event "ROM-ch"]
[Site "Eforie Nord"]
[Date "2024.02.27"]
[Round "5"]
[White "Armenciu, Bogdan Ovidiu"]
[Black "Radu, David Cr"]
[Result "0-1"]
[WhiteElo "1936"]
[BlackElo "2142"]
[PlyCount "80"]
[EventDate "2024.02.24"]
[EventType "swiss"]
[EventRounds "9"]
[EventCountry "ROU"]
[SourceTitle "CB10_2024"]
[SourceDate "2024.03.06"]
[SourceVersion "1"]
[SourceVersionDate "2024.03.06"]
[SourceQuality "1"]

1. e4 e5 2. Nf3 Nc6 3. Bc4 d6 4. d4 Bg4 5. d5 Nd4 6. c3 Nxf3+ 7. gxf3 Bd7 8. a4 Nf6 9. a5 a6 10. Be3 Nh5 11. Nd2 Be7 12. Rg1 0-0 13. f4 Nxf4 14. Bxf4 exf4 15. Qf3 Bf6 16. Qxf4 Be5 17. Qe3 f5 18. 0-0-0 fxe4 19. Rg2 Qh4 20. Rdg1 Kh8 21. Kc2 Rf4 22. f3 exf3 23. Nxf3 Rxf3 24. Qxf3 Qxc4 25. b3 Qf4 26. Qxf4 Bxf4 27. Rxg7 Bf5+ 28. Kb2 Be3 29. R1g3 Bf2 30. R3g5 Bh4 31. Rg1 Rc8 32. Rf7 Bg6 33. Rf4 Be7 34. Re1 Bg5 35. Rg4 Bf6 36. Rb4 c6 37. Rxb7 cxd5 38. Rc1 d4 39. Rb6 dxc3+ 40. Ka3 Bg5 0-1

[Event "Brasov GP RO"]
[Site "Brasov"]
[Date "2023.07.18"]
[Round "4"]
[White "Radu, David Cr"]
[Black "Peptan, Corina Isabela"]
[Result "1/2-1/2"]
[WhiteElo "2067"]
[BlackElo "2334"]
[PlyCount "93"]
[EventDate "2023.07.16"]
[EventType "swiss"]
[EventRounds "9"]
[EventCountry "ROU"]
[SourceTitle "CBM 215 Extra"]
[Source "ChessBase"]
[SourceDate "2023.09.30"]
[SourceVersion "1"]
[SourceVersionDate "2023.09.30"]
[SourceQuality "1"]

1. e4 c5 2. Nf3 e6 3. d4 cxd4 4. Nxd4 Nc6 5. Nc3 Qc7 6. Qd3 Nf6 7. Ndb5 Qb8 8. Qg3 Qxg3 9. hxg3 Kd8 10. a4 a6 11. Na3 Bc5 12. f3 d5 13. Bg5 d4 14. Ne2 e5 15. g4 Be7 16. Ng3 g6 17. Nc4 Kc7 18. a5 Be6 19. Bd2 h5 20. gxh5 Nxh5 21. Nxh5 Rxh5 22. Rxh5 gxh5 23. Kf2 Rg8 24. Rb1 Bc5 25. b4 Ba7 26. Nb6 Bxb6 27. axb6+ Kxb6 28. b5 axb5 29. Bxb5 Kc7 30. Rh1 Ra8 31. Rxh5 Ra2 32. Bd3 Bb3 33. Rf5 Kd7 34. Ke2 Be6 35. Rh5 Rb2 36. Rg5 b5 37. f4 Bc4 38. Kd1 Bxd3 39. cxd3 exf4 40. Rf5 Ke6 41. Bxf4 Rb1+ 42. Bc1 Ne5 43. Kc2 Ra1 44. Bb2 Ra2 45. Kb3 Ra4 46. Kc2 Ra2 47. Kb3 1/2-1/2

[Event "Braila GP RO Stage 5"]
[Site "Braila"]
[Date "2022.11.06"]
[Round "10"]
[White "Ghimpu, Samuel Timotei"]
[Black "Radu, David Cr"]
[Result "1-0"]
[WhiteElo "2455"]
[BlackElo "2115"]
[PlyCount "65"]
[EventDate "2022.11.05"]
[EventType "swiss (rapid)"]
[EventRounds "10"]
[EventCountry "ROU"]
[SourceTitle "EXT 2024"]
[Source "ChessBase"]
[SourceDate "2023.10.10"]
[SourceVersion "1"]
[SourceVersionDate "2023.10.10"]
[SourceQuality "1"]

1. e4 c5 2. Nf3 Nc6 3. d4 cxd4 4. Nxd4 Nf6 5. Nc3 d6 6. Bc4 Qb6 7. Nxc6 bxc6 8. 0-0 g6 9. Qe2 Bg7 10. e5 dxe5 11. Qxe5 0-0 12. Qxe7 Bf5 13. Bb3 Rae8 14. Qd6 Ng4 15. Na4 Qa6 16. Bf4 Rd8 17. Qa3 Rfe8 18. Bd6 Bd4 19. Bc5 Qe2 20. Bxd4 Rxd4 21. h3 Nf6 22. Qc5 Qd2 23. c3 Rdd8 24. Qxc6 Kg7 25. Rad1 Qe2 26. Rxd8 Rxd8 27. Qc4 Bd3 28. Qxf7+ Kh6 29. Rd1 Qe5 30. Nc5 Qxc5 31. Qxf6 Rf8 32. Qh4+ Kg7 33. Rxd3 1-0

[Event "Titled Tuesday intern op 09th Aug Early"]
[Site "Chess.com INT"]
[Date "2022.08.09"]
[Round "3"]
[White "Begunov, Konstantin"]
[Black "Radu, David Cr"]
[Result "1-0"]
[WhiteElo "2325"]
[BlackElo "2136"]
[PlyCount "61"]
[EventDate "2022.08.09"]
[EventType "swiss (blitz)"]
[EventRounds "11"]
[EventCountry "USA"]
[SourceTitle "EXT 2023"]
[Source "ChessBase"]
[SourceDate "2022.10.05"]
[SourceVersion "1"]
[SourceVersionDate "2022.10.05"]
[SourceQuality "1"]

1. d4 d5 2. c4 e6 3. Nc3 c5 4. Nf3 Nc6 5. g3 Nf6 6. cxd5 exd5 7. Bg2 Be7 8. 0-0 0-0 9. Bg5 cxd4 10. Nxd4 h6 11. Be3 Be6 12. Nxc6 bxc6 13. Na4 Re8 14. Rc1 Qd7 15. Bc5 Bh3 16. Bxe7 Rxe7 17. Nc5 Qf5 18. Qc2 Qh5 19. Bf3 Bg4 20. Qd3 Rae8 21. Rfd1 Qe5 22. Qc3 Qf5 23. Rd4 Qg5 24. Rcd1 h5 25. Nd3 h4 26. Nf4 hxg3 27. hxg3 Qe5 28. Qxc6 Rc8 29. Qb5 Rc2 30. Nxd5 Nxd5 31. Rxg4 1-0

[Event "Titled Tuesday intern op 09th Aug Early"]
[Site "Chess.com INT"]
[Date "2022.08.09"]
[Round "2"]
[White "Radu, David Cr"]
[Black "Chernomordik, Pavel"]
[Result "0-1"]
[WhiteElo "2136"]
[BlackElo "2200"]
[PlyCount "80"]
[EventDate "2022.08.09"]
[EventType "swiss (blitz)"]
[EventRounds "11"]
[EventCountry "USA"]
[SourceTitle "EXT 2023"]
[Source "ChessBase"]
[SourceDate "2022.10.05"]
[SourceVersion "1"]
[SourceVersionDate "2022.10.05"]
[SourceQuality "1"]

1. Nf3 g6 2. c4 Bg7 3. Nc3 e5 4. b3 Nc6 5. Bb2 d6 6. d3 Nge7 7. g3 Bg4 8. Bg2 Qd7 9. h3 Bf5 10. Nd5 h6 11. h4 0-0 12. 0-0 Nxd5 13. cxd5 Ne7 14. e4 Bh3 15. Rc1 Bxg2 16. Kxg2 f5 17. Nh2 c6 18. dxc6 Nxc6 19. b4 d5 20. b5 Ne7 21. Qb3 Kh7 22. Ba3 dxe4 23. dxe4 fxe4 24. Bxe7 Qxe7 25. Ng4 h5 26. Ne3 Rf3 27. Qd5 Raf8 28. Qxe4 Qf7 29. Rc2 Bh6 30. Nd5 Kh8 31. Qxe5+ Bg7 32. Qe4 Ra3 33. Nf4 Kh7 34. Nxh5 Re8 35. Qf4 Qd5+ 36. Kh2 Qxh5 37. Rc7 Rg8 38. Re1 Rxa2 39. Ree7 Qh6 40. Qf7 g5 0-1

[Event "Poiana Brasov op"]
[Site "Poiana Brasov"]
[Date "2022.07.26"]
[Round "3"]
[White "Radu, David Cr"]
[Black "Manea, Alexandru"]
[Result "1-0"]
[WhiteElo "2091"]
[BlackElo "2353"]
[PlyCount "111"]
[EventDate "2022.07.24"]
[EventType "swiss"]
[EventRounds "9"]
[EventCountry "ROU"]
[SourceTitle "EXT 2023"]
[Source "ChessBase"]
[SourceDate "2022.10.05"]
[SourceVersion "1"]
[SourceVersionDate "2022.10.05"]
[SourceQuality "1"]

1. d4 Nf6 2. Bf4 Nh5 3. e3 Nxf4 4. exf4 d5 5. Nf3 c5 6. Bb5+ Bd7 7. Bxd7+ Nxd7 8. 0-0 g6 9. Re1 Bg7 10. Nc3 cxd4 11. Nxd5 e6 12. Nxd4 Nc5 13. Nb3 Na4 14. f5 Nxb2 15. Qf3 0-0 16. f6 Qxd5 17. fxg7 Rfd8 18. Qf6 Nc4 19. c3 e5 20. h4 Rd6 21. Qe7 Re6 22. Qg5 Kxg7 23. Nd4 Rf6 24. Rad1 Qa5 25. Nf3 Qxa2 26. h5 h6 27. Qg3 Qc2 28. Rd7 Qxc3 29. hxg6 Rxg6 30. Rxf7+ Kxf7 31. Ng5+ Rxg5 32. Qxc3 Rc8 33. Qf3+ Ke6 34. Qh3+ Rf5 35. Qxh6+ Rf6 36. Qh3+ Rf5 37. Rd1 Rcf8 38. Qb3 Rf4 39. Qxb7 Rd4 40. Rxd4 exd4 41. Qe4+ Kd7 42. Qxd4+ Nd6 43. Qxa7+ Ke6 44. Qe3+ Kd7 45. g4 Re8 46. Qd4 Rf8 47. Kg2 Rg8 48. Qa7+ Kc6 49. f3 Rf8 50. Kg3 Rf7 51. Qa4+ Kd5 52. Kh4 Ke5 53. Qa1+ Kd5 54. g5 Ke6 55. Kg4 Rf5 56. f4 1-0

[Event "Poiana Brasov op"]
[Site "Poiana Brasov"]
[Date "2022.07.25"]
[Round "2"]
[White "Istratescu, Andrei"]
[Black "Radu, David Cr"]
[Result "1/2-1/2"]
[WhiteElo "2427"]
[BlackElo "2091"]
[PlyCount "37"]
[EventDate "2022.07.24"]
[EventType "swiss"]
[EventRounds "9"]
[EventCountry "ROU"]
[SourceTitle "EXT 2023"]
[Source "ChessBase"]
[SourceDate "2022.10.05"]
[SourceVersion "1"]
[SourceVersionDate "2022.10.05"]
[SourceQuality "1"]

1. d4 d5 2. c4 e6 3. Nc3 a6 4. cxd5 exd5 5. Nf3 c6 6. Bf4 Bd6 7. Bg3 Ne7 8. e3 0-0 9. Be2 Re8 10. Ne5 Nf5 11. Nd3 Nd7 12. Qc2 Nf6 13. 0-0-0 a5 14. Kb1 b5 15. Bxd6 Nxd6 16. Nc5 Bf5 17. Bd3 Bxd3 18. Nxd3 Qe7 19. Rhe1 1/2-1/2

[Event "Titled Tuesday intern op 14th Jun Early"]
[Site "Chess.com INT"]
[Date "2022.06.14"]
[Round "3"]
[White "Dobrikov, Marco"]
[Black "Radu, David Cr"]
[Result "0-1"]
[WhiteElo "2234"]
[BlackElo "1941"]
[PlyCount "90"]
[EventDate "2022.06.14"]
[EventType "swiss (blitz)"]
[EventRounds "11"]
[EventCountry "USA"]
[SourceTitle "EXT 2023"]
[Source "ChessBase"]
[SourceDate "2022.10.05"]
[SourceVersion "1"]
[SourceVersionDate "2022.10.05"]
[SourceQuality "1"]

1. e4 e5 2. Nf3 Nf6 3. Nxe5 Nc6 4. Nxc6 dxc6 5. d3 Bc5 6. Be2 h5 7. Be3 Bxe3 8. fxe3 Ng4 9. Bxg4 hxg4 10. g3 Qg5 11. Qd2 Be6 12. Nc3 0-0-0 13. 0-0-0 Rh3 14. Qf2 f6 15. Ne2 Rhh8 16. Kb1 Qa5 17. b3 c5 18. Qf4 Rd6 19. e5 Ra6 20. Nc1 Rf8 21. Rhf1 g5 22. Qf2 f5 23. e4 f4 24. Qd2 Qxd2 25. Rxd2 f3 26. c3 Bd7 27. d4 Rh6 28. Rff2 cxd4 29. cxd4 Bb5 30. Kb2 Rfh8 31. a4 Ba6 32. Na2 Be2 33. Rdxe2 fxe2 34. Rxe2 Rxh2 35. Rxh2 Rxh2+ 36. Ka3 Rg2 37. e6 Rxg3 38. Nb4 c6 39. d5 Re3 40. d6 Rxe4 41. e7 g3 42. Nd3 b6 43. Nc5 bxc5 44. e8Q+ Rxe8 45. d7+ Kxd7 0-1

[Event "Titled Tuesday intern op 14th Jun Early"]
[Site "Chess.com INT"]
[Date "2022.06.14"]
[Round "5"]
[White "Radu, David Cr"]
[Black "Richter, Nils"]
[Result "1-0"]
[WhiteElo "1941"]
[BlackElo "2359"]
[PlyCount "83"]
[EventDate "2022.06.14"]
[EventType "swiss (blitz)"]
[EventRounds "11"]
[EventCountry "USA"]
[SourceTitle "EXT 2023"]
[Source "ChessBase"]
[SourceDate "2022.10.05"]
[SourceVersion "1"]
[SourceVersionDate "2022.10.05"]
[SourceQuality "1"]

1. d4 d5 2. Bf4 c5 3. e3 cxd4 4. exd4 Nc6 5. c3 f6 6. Nf3 g5 7. Bg3 h5 8. h4 g4 9. Nfd2 Bf5 10. Nb3 Nh6 11. Bd3 e6 12. 0-0 Bd6 13. Nc5 Bxc5 14. dxc5 e5 15. Re1 Qd7 16. b4 a6 17. a4 Kf7 18. Na3 Rhd8 19. Nc2 Bxd3 20. Qxd3 Qf5 21. Qd2 Qg6 22. Ne3 Ne7 23. b5 Rac8 24. c6 bxc6 25. b6 Nhf5 26. Nc2 Nd6 27. a5 Nc4 28. Qe2 Nf5 29. Nb4 Rd6 30. Nxa6 Rd7 31. Nc5 Re7 32. b7 Rb8 33. a6 Qg8 34. a7 Rexb7 35. Nxb7 Rxb7 36. a8Q Rb8 37. Qxc6 Ne7 38. Qd7 Rb2 39. Ra7 Qf8 40. Qxd5+ Kg6 41. Qed3+ f5 42. Q5xc4 1-0

[Event "Targu Mures op-A"]
[Site "Targu Mures"]
[Date "2022.06.10"]
[Round "8"]
[White "Lehaci, Miruna Daria"]
[Black "Radu, David Cr"]
[Result "1-0"]
[WhiteElo "2163"]
[BlackElo "1941"]
[PlyCount "67"]
[EventDate "2022.06.04"]
[EventType "swiss"]
[EventRounds "9"]
[EventCountry "ROU"]
[SourceTitle "CBM 208 Extra"]
[Source "ChessBase"]
[SourceDate "2022.07.31"]
[SourceVersion "1"]
[SourceVersionDate "2022.07.31"]
[SourceQuality "1"]

1. e4 c5 2. Nf3 d6 3. d4 cxd4 4. Nxd4 Nf6 5. Nc3 a6 6. Be3 e5 7. Nb3 Be6 8. f3 Be7 9. Qd2 Nbd7 10. g4 b5 11. 0-0-0 0-0 12. g5 b4 13. gxf6 bxc3 14. Qxc3 Nxf6 15. Na5 Qd7 16. Nc6 Rfc8 17. Nxe7+ Qxe7 18. Qa5 Qb7 19. Bg5 Rc5 20. Qa3 Qc7 21. Kb1 Rc8 22. c4 Ne8 23. Be3 Ra5 24. Qc3 Rb8 25. Ka1 Ra4 26. b3 Rab4 27. Bc1 Qa5 28. Bb2 Nf6 29. a3 Nd7 30. Kb1 Ra4 31. Qxa5 Rxa5 32. b4 Ra4 33. Bd3 a5 34. Bc2 1-0

[Event "Bucharest Super Rapid op"]
[Site "Bucharest"]
[Date "2022.05.01"]
[Round "10"]
[White "Dobre, Claudiu Cristian"]
[Black "Radu, David Cr"]
[Result "1-0"]
[WhiteElo "2285"]
[BlackElo "2005"]
[PlyCount "85"]
[EventDate "2022.04.30"]
[EventType "swiss (rapid)"]
[EventRounds "10"]
[EventCountry "ROU"]
[SourceTitle "CBM 208 Extra"]
[Source "ChessBase"]
[SourceDate "2022.07.31"]
[SourceVersion "1"]
[SourceVersionDate "2022.07.31"]
[SourceQuality "1"]

1. c4 e6 2. Nf3 d5 3. g3 dxc4 4. Bg2 Bd7 5. Ne5 Bc6 6. Nxc6 Nxc6 7. Qa4 Nge7 8. Qxc4 Nd5 9. 0-0 Qd7 10. a3 Be7 11. Nc3 Nb6 12. Qb3 0-0 13. Qd1 a5 14. d3 Nd5 15. Bd2 Bf6 16. Rc1 Rfd8 17. Na4 Rab8 18. e3 Ne5 19. Nc5 Qb5 20. d4 Nc6 21. Qc2 g6 22. Rfe1 Bg7 23. Bf1 Qb6 24. Na4 Qa7 25. Red1 e5 26. dxe5 Nxe5 27. Bg2 b5 28. Nc5 Nc4 29. Nd3 c6 30. Be1 a4 31. Qe2 Qe7 32. Rc2 h5 33. h4 Qf6 34. Qf3 Qe7 35. e4 Ndb6 36. Bc3 Bxc3 37. Rxc3 Rd4 38. Nb4 Rxd1+ 39. Qxd1 Rd8 40. Rd3 Rxd3 41. Nxd3 Ne5 42. Nxe5 Qxe5 43. Qd8+ 1-0

[Event "Bucharest Super Rapid op"]
[Site "Bucharest"]
[Date "2022.05.01"]
[Round "9"]
[White "Radu, David Cr"]
[Black "Ceteras, Marius"]
[Result "1-0"]
[WhiteElo "2005"]
[BlackElo "2389"]
[PlyCount "107"]
[EventDate "2022.04.30"]
[EventType "swiss (rapid)"]
[EventRounds "10"]
[EventCountry "ROU"]
[SourceTitle "CBM 208 Extra"]
[Source "ChessBase"]
[SourceDate "2022.07.31"]
[SourceVersion "1"]
[SourceVersionDate "2022.07.31"]
[SourceQuality "1"]

1. e4 e5 2. Nf3 Nf6 3. Nxe5 d6 4. Nf3 Nxe4 5. Nc3 Nxc3 6. dxc3 Be7 7. Be3 Nd7 8. Qd2 Ne5 9. Be2 c6 10. c4 Be6 11. b3 0-0 12. 0-0 Ng4 13. Bf4 d5 14. Nd4 Bc8 15. cxd5 Qxd5 16. Bf3 Qc5 17. h3 Rd8 18. Rad1 Nf6 19. Rfe1 Bf8 20. c4 Bd7 21. Be5 Ne8 22. Qe3 a5 23. h4 a4 24. h5 h6 25. Bg3 axb3 26. axb3 Nf6 27. Bh4 Re8 28. Qc3 Rxe1+ 29. Rxe1 Nxh5 30. b4 Qxb4 31. Qxb4 Bxb4 32. Rb1 Bc3 33. Rxb7 Bxd4 34. Rxd7 Ra1+ 35. Kh2 Be5+ 36. g3 g5 37. Bxg5 hxg5 38. Bxh5 f6 39. Bf3 c5 40. Bd5+ Kf8 41. Kh3 Rf1 42. f3 Rg1 43. Kg4 Ke8 44. Bc6 Rxg3+ 45. Kh5 Kf8 46. Kg6 g4 47. f4 Bd4 48. Rf7+ Kg8 49. Rb7 Kf8 50. Rf7+ Kg8 51. Rd7 Kf8 52. f5 Re3 53. Ra7 Re8 54. Rf7+ 1-0

[Event "ROM-ch U14"]
[Site "Eforie Nord"]
[Date "2022.04.16"]
[Round "7"]
[White "Craciun, Sasha Matei"]
[Black "Radu, David Cr"]
[Result "1-0"]
[WhiteElo "1945"]
[BlackElo "2005"]
[PlyCount "95"]
[EventDate "2022.04.11"]
[EventType "swiss"]
[EventRounds "9"]
[EventCountry "ROU"]
[SourceTitle "EXT 2023"]
[Source "ChessBase"]
[SourceDate "2022.10.05"]
[SourceVersion "1"]
[SourceVersionDate "2022.10.05"]
[SourceQuality "1"]

1. e4 c5 2. Nf3 Nc6 3. d4 cxd4 4. Nxd4 Nf6 5. Nc3 d6 6. Bg5 e6 7. Qd2 a6 8. 0-0-0 Bd7 9. Kb1 b5 10. Nxc6 Bxc6 11. f3 Be7 12. h4 h5 13. Ne2 Qb6 14. Nd4 Bd7 15. g3 e5 16. Nf5 Bxf5 17. exf5 d5 18. Bh3 0-0-0 19. Rhe1 e4 20. Bg2 Bc5 21. fxe4 dxe4 22. Qc3 Kb8 23. Bxf6 gxf6 24. Bxe4 Bd4 25. Qf3 Bf2 26. Rf1 Qe3 27. Rxd8+ Rxd8 28. Qxe3 Bxe3 29. Bf3 Rg8 30. Bxh5 Rxg3 31. Bxf7 Rg1 32. Rxg1 Bxg1 33. h5 Be3 34. c4 b4 35. Kc2 Kc7 36. Kb3 a5 37. Ka4 Kb6 38. Be6 Bc1 39. c5+ Kxc5 40. Kxa5 Bd2 41. Ka4 Bh6 42. a3 bxa3 43. Kxa3 Kb5 44. Bd7+ Kc4 45. Ka4 Bd2 46. Be6+ Kc5 47. b4+ Kb6 48. Kb3 1-0

[Event "ROM-ch U14"]
[Site "Eforie Nord"]
[Date "2022.04.12"]
[Round "2"]
[White "Ciomaga, Andrei"]
[Black "Radu, David Cr"]
[Result "1-0"]
[WhiteElo "1767"]
[BlackElo "2005"]
[PlyCount "35"]
[EventDate "2022.04.11"]
[EventType "swiss"]
[EventRounds "9"]
[EventCountry "ROU"]
[SourceTitle "EXT 2023"]
[Source "ChessBase"]
[SourceDate "2022.10.05"]
[SourceVersion "1"]
[SourceVersionDate "2022.10.05"]
[SourceQuality "1"]

1. d4 d5 2. c4 e6 3. Nc3 a6 4. cxd5 exd5 5. g3 Nf6 6. Bg2 c6 7. Nh3 Bd6 8. 0-0 0-0 9. f3 c5 10. Bg5 cxd4 11. Nxd5 Be5 12. f4 Bxh3 13. fxe5 Bxg2 14. Nxf6+ gxf6 15. Bxf6 Qd5 16. Rf4 Be4 17. Rg4+ Bg6 18. Qc1 1-0

[Event "ROM-ch"]
[Site "Eforie Nord"]
[Date "2022.02.24"]
[Round "6"]
[White "Tamas, Christian Arrydan"]
[Black "Radu, David Cr"]
[Result "0-1"]
[WhiteElo "1833"]
[BlackElo "1960"]
[PlyCount "70"]
[EventDate "2022.02.20"]
[EventType "swiss"]
[EventRounds "9"]
[EventCountry "ROU"]
[SourceTitle "CBM 207 Extra"]
[Source "ChessBase"]
[SourceDate "2022.05.31"]
[SourceVersion "1"]
[SourceVersionDate "2022.05.31"]
[SourceQuality "1"]

1. d4 d5 2. Nf3 e6 3. g3 b6 4. Bg2 Bb7 5. 0-0 Nd7 6. c4 dxc4 7. Qa4 a6 8. Qxc4 b5 9. Qb3 c5 10. a4 c4 11. Qc2 Ngf6 12. axb5 axb5 13. Rxa8 Qxa8 14. b3 Be4 15. Qb2 Bd6 16. bxc4 bxc4 17. Nbd2 Bd5 18. Qc2 0-0 19. Re1 c3 20. Qxc3 Rc8 21. Qd3 Ne4 22. Nh4 Bb4 23. Qb5 Rxc1 24. Rxc1 Bxd2 25. Rd1 Nc3 26. Bxd5 exd5 27. Qxd7 Nxd1 28. Nf3 Bc3 29. Ng5 Bxd4 30. Qxf7+ Kh8 31. Qf5 Bxf2+ 32. Kh1 d4+ 33. Nf3 Ne3 34. Qb1 d3 35. h4 d2 0-1

[Event "ROM-ch"]
[Site "Eforie Nord"]
[Date "2022.02.21"]
[Round "2"]
[White "Coca, Cristi Iulian"]
[Black "Radu, David Cr"]
[Result "1-0"]
[WhiteElo "2147"]
[BlackElo "1960"]
[PlyCount "149"]
[EventDate "2022.02.20"]
[EventType "swiss"]
[EventRounds "9"]
[EventCountry "ROU"]
[SourceTitle "CBM 207 Extra"]
[Source "ChessBase"]
[SourceDate "2022.05.31"]
[SourceVersion "1"]
[SourceVersionDate "2022.05.31"]
[SourceQuality "1"]

1. b3 d5 2. Nf3 Nf6 3. Bb2 e6 4. g3 Be7 5. Bg2 0-0 6. 0-0 c5 7. d3 Nc6 8. Nbd2 d4 9. e4 e5 10. a4 Qc7 11. Nc4 b6 12. Bc1 Bb7 13. Nh4 g6 14. f4 a6 15. fxe5 Nd7 16. Bh6 Ndxe5 17. Bxf8 Rxf8 18. Nf3 Bc8 19. Nfxe5 Nxe5 20. Qd2 f6 21. Nxe5 Qxe5 22. Qh6 Be6 23. Bh3 Bf7 24. Qf4 Kg7 25. Rf3 Rd8 26. Raf1 Bg8 27. Qg4 Kh8 28. Qh4 Kg7 29. Qf4 a5 30. Qd2 Rf8 31. Bd7 Rd8 32. Bb5 Be6 33. Qf4 Rf8 34. Bc4 Bxc4 35. bxc4 Bd6 36. Qg4 h5 37. Qd7+ Rf7 38. Qc6 Bc7 39. Rxf6 Rxf6 40. Rxf6 Qxf6 41. Qxc7+ Kg8 42. Kg2 h4 43. Qf4 Qc6 44. Kh3 Qxa4 45. Kxh4 Qc6 46. Kg5 Kg7 47. Qe5+ Kf7 48. Qh8 a4 49. Qh7+ Ke6 50. Qxg6+ Kd7 51. Qf7+ Kc8 52. h4 a3 53. Qa7 Qd6 54. Qa6+ Kb8 55. Qxa3 Qxg3+ 56. Kf5 Qf3+ 57. Ke5 Qh5+ 58. Kd6 Qg6+ 59. Kd5 Kb7 60. Qc1 Qf7+ 61. Ke5 Qe7+ 62. Kf5 Qxh4 63. Qf4 Qh3+ 64. Kf6 Qh8+ 65. Ke7 Qg7+ 66. Qf7 Qe5+ 67. Kd8+ Ka6 68. Qc7 Qh8+ 69. Kd7 Qh3+ 70. Kd6 Qh6+ 71. Kd5 Qg5+ 72. e5 Ka5 73. Qa7+ Kb4 74. Qxb6+ Kc3 75. Qxc5 1-0

[Event "Titled Tuesday intern op 26th Oct"]
[Site "Chess.com INT"]
[Date "2021.10.26"]
[Round "3"]
[White "Butti, Enrique"]
[Black "Radu, David Cr"]
[Result "0-1"]
[WhiteElo "2065"]
[BlackElo "1900"]
[PlyCount "60"]
[EventDate "2021.10.26"]
[EventType "swiss (blitz)"]
[EventRounds "11"]
[EventCountry "USA"]
[SourceTitle "CBM 204 Extra"]
[Source "ChessBase"]
[SourceDate "2021.11.30"]
[SourceVersion "1"]
[SourceVersionDate "2021.11.30"]
[SourceQuality "1"]

1. d4 Nf6 2. Nf3 e6 3. e3 d5 4. Bd3 Bd6 5. 0-0 0-0 6. b3 c5 7. Bb2 Nc6 8. a3 Qc7 9. dxc5 Bxc5 10. Bxf6 gxf6 11. Nh4 f5 12. Qh5 Qe5 13. Nd2 Qg7 14. b4 Be7 15. c4 Ne5 16. Be2 dxc4 17. Nxc4 Bd7 18. Nxe5 Qxe5 19. Nf3 Qf6 20. Rad1 Bc6 21. Nd4 Bd5 22. Nxf5 Kh8 23. Nxe7 Qxe7 24. e4 Bc6 25. e5 Rg8 26. g3 Rg5 27. Qh4 Rag8 28. Bd3 Rxg3+ 29. Qxg3 Rxg3+ 30. hxg3 Qg5 0-1

[Event "Titled Tuesday intern op 26th Oct"]
[Site "Chess.com INT"]
[Date "2021.10.26"]
[Round "6"]
[White "Radu, David Cr"]
[Black "Reprintsev, Alexander"]
[Result "0-1"]
[WhiteElo "1900"]
[BlackElo "2353"]
[PlyCount "64"]
[EventDate "2021.10.26"]
[EventType "swiss (blitz)"]
[EventRounds "11"]
[EventCountry "USA"]
[SourceTitle "CBM 204 Extra"]
[Source "ChessBase"]
[SourceDate "2021.11.30"]
[SourceVersion "1"]
[SourceVersionDate "2021.11.30"]
[SourceQuality "1"]

1. e4 d5 2. exd5 Qxd5 3. Nf3 Bg4 4. Be2 Nc6 5. d4 0-0-0 6. Be3 e5 7. c4 Qa5+ 8. Kf1 Bxf3 9. Bxf3 Nxd4 10. Bd5 Nf6 11. Nc3 Bb4 12. a3 Bxc3 13. bxc3 Nxd5 14. cxd5 Qxc3 15. Rc1 Qxa3 16. g3 Rxd5 17. Kg2 Rhd8 18. Qg4+ Kb8 19. Ra1 Qd3 20. Rhd1 Qg6 21. Qh4 a6 22. Rdb1 h6 23. Rb2 f5 24. Rab1 Nb5 25. Qc4 f4 26. Rc1 fxe3 27. Rxb5 Rxb5 28. Qxc7+ Ka7 29. Qxd8 Qe4+ 30. f3 Rb2+ 31. Kh3 Qf5+ 32. Kh4 Rxh2# 0-1

[Event "Titled Tuesday intern op 26th Oct"]
[Site "Chess.com INT"]
[Date "2021.10.26"]
[Round "4"]
[White "Radu, David Cr"]
[Black "Sokolin, Leonid M"]
[Result "1-0"]
[WhiteElo "1900"]
[BlackElo "2482"]
[PlyCount "95"]
[EventDate "2021.10.26"]
[EventType "swiss (blitz)"]
[EventRounds "11"]
[EventCountry "USA"]
[SourceTitle "CBM 204 Extra"]
[Source "ChessBase"]
[SourceDate "2021.11.30"]
[SourceVersion "1"]
[SourceVersionDate "2021.11.30"]
[SourceQuality "1"]

1. d4 Nf6 2. Bf4 c5 3. e3 Qb6 4. Nc3 cxd4 5. exd4 d5 6. Bd3 Nc6 7. Nge2 a6 8. 0-0 Bg4 9. Qd2 e6 10. f3 Bh5 11. Kh1 Bg6 12. Na4 Qd8 13. c3 b6 14. b4 Bxd3 15. Qxd3 b5 16. Nc5 Bxc5 17. bxc5 0-0 18. a4 b4 19. a5 bxc3 20. Qxc3 Nd7 21. Nc1 Re8 22. Nd3 Qf6 23. Be5 Ndxe5 24. Nxe5 Nxe5 25. dxe5 Qe7 26. Rab1 Rec8 27. Rfc1 Rc6 28. Rb6 Rac8 29. Rxc6 Rxc6 30. g3 h6 31. Kg2 Qd7 32. Qd4 Qc7 33. Qb4 Qxe5 34. Qb7 Qc7 35. Qb4 e5 36. Kf2 d4 37. Ke2 Kh7 38. Qc4 f5 39. Qd5 Rf6 40. c6 d3+ 41. Kf1 Rd6 42. Qxe5 d2 43. Qxf5+ Kg8 44. Rd1 Qxc6 45. Qe4 Qb5+ 46. Qe2 Qb2 47. Qc4+ Kh7 48. Qe2 1-0

[Event "Titled Tuesday intern op 05th Oct"]
[Site "Chess.com INT"]
[Date "2021.10.05"]
[Round "7"]
[White "Radu, David Cr"]
[Black "Ferreira, Vitor Hugo Vieira"]
[Result "0-1"]
[WhiteElo "1900"]
[BlackElo "2123"]
[PlyCount "116"]
[EventDate "2021.10.05"]
[EventType "swiss (blitz)"]
[EventRounds "11"]
[EventCountry "USA"]
[SourceTitle "CBM 204 Extra"]
[Source "ChessBase"]
[SourceDate "2021.11.30"]
[SourceVersion "1"]
[SourceVersionDate "2021.11.30"]
[SourceQuality "1"]

1. Nf3 Nf6 2. d3 d5 3. g3 c6 4. Bg2 Bf5 5. 0-0 h6 6. Bf4 e6 7. Nbd2 Be7 8. c3 0-0 9. Qc2 Nh5 10. Be3 Nf6 11. Bf4 Nbd7 12. e4 Bh7 13. Rfe1 dxe4 14. dxe4 Nc5 15. Nd4 Nfd7 16. b4 Na6 17. N4b3 c5 18. b5 Nc7 19. c4 e5 20. Be3 Ne6 21. f4 Nd4 22. Bxd4 cxd4 23. Nc1 Rc8 24. Nd3 exf4 25. gxf4 Qb6 26. Nb3 Qxb5 27. cxb5 Rxc2 28. Nxd4 Rd2 29. Red1 Rxd1+ 30. Rxd1 Rc8 31. e5 Nc5 32. Nf2 Rd8 33. f5 Bg5 34. Nf3 Rxd1+ 35. Nxd1 Bxf5 36. Nxg5 hxg5 37. Nc3 Be6 38. Bd5 Kf8 39. Bxe6 Nxe6 40. Nd5 Nd4 41. a4 Nf3+ 42. Kf2 Nxe5 43. Nc7 Ke7 44. a5 Kd6 45. Ne8+ Kc5 46. Nxg7 Kxb5 47. Ke3 Ng4+ 48. Ke4 Nxh2 49. Kf5 g4 50. Kf4 Kxa5 51. Kg3 Nf1+ 52. Kf2 Nd2 53. Kg3 b6 54. Kxg4 b5 55. Nf5 b4 56. Nd4 b3 57. Kf5 b2 58. Nc2 b1Q 0-1